000
00331nam a2200133Ia 4500
008
150201s2014 xx 000 0 und d
082
_a
628.114
_b
RAG
100
_a
Raghunath,H.M
245
_a
Ground water
250
_a
3rd Ed.
260
_b
New Age International Publication
_a
New Delhi
_c
2014
300
_a
504p.
942
_2
ddc
_c
BK
999
_c
5794
_d
5794